The Ancient kingdom of Peru / (Record no. 4772)

MARC details
000 -LEADER
fixed length control field 00563cam a22002052 4500
001 - CONTROL NUMBER
control field 0000000405
005 - DATE AND TIME OF LATEST TRANSACTION
control field 20151217151749.0
008 - FIXED-LENGTH DATA ELEMENTS--GENERAL INFORMATION
fixed length control field 070131s xx 000 0 eng d
020 ## - INTERNATIONAL STANDARD BOOK NUMBER
International Standard Book Number 0140233814 :
040 ## - CATALOGING SOURCE
Original cataloging agency KABU
Transcribing agency KABU
050 #0 - LIBRARY OF CONGRESS CALL NUMBER
Classification number F3429
Item number .D38
100 1# - MAIN ENTRY--PERSONAL NAME
Personal name Davies, Nigel.
-- 0000029465
245 14 - TITLE STATEMENT
Title The Ancient kingdom of Peru /
Statement of responsibility, etc. Nigel Davies.
260 ## - PUBLICATION, DISTRIBUTION, ETC. (IMPRINT)
Place of publication, distribution, etc. London :
Name of publisher, distributor, etc. Penguin,
Date of publication, distribution, etc. 1997.
300 ## - PHYSICAL DESCRIPTION
Extent xiv, 220 p.
651 #0 - SUBJECT ADDED ENTRY--GEOGRAPHIC NAME
Geographic name Peru
General subdivision Civilization.
-- 0000148583
908 ## - PUT COMMAND PARAMETER (RLIN)
Put command parameter 070131
950 ## - LOCAL HOLDINGS (RLIN)
-- 1
Holdings
Withdrawn status Lost status Source of classification or shelving scheme Not for loan Home library Current library Date acquired Total Checkouts Full call number Barcode Date last seen Price effective from Koha item type
    Library of Congress Classification   Kabarak, Main Campus Kabarak, Main Campus 17/12/2015   F3429 .D38 000960 17/12/2015 17/12/2015 General Collection
Designed with assistance from East African Informatics Ltd